Najbardziej wysunięte państwa na zachód od A-Z - Statystyki

Ogólne statystyki
  • Ten quiz został rozwiązany 372 razy
  • Średni wynik to 17 z 24
Statystyki odpowiedzi
litera Miejsce Państwo % Poprawnych
S 63°N,171°W Stany Zjednoczone
92%
A 50°S,73°W Argentyna
83%
C 46°S,76°W Chile
83%
M 32°N,117°W Meksyk
81%
O 18°N,51°E Oman
81%
E 0°S,91°W Ekwador
78%
Ł 56°N,20°E Łotwa
78%
V 14°S,166°E Vanuatu
75%
U 33°S,58°W Urugwaj
74%
H 14°N,89°W Honduras
73%
R 66°N,169°W Rosja
73%
W 9°N,73°W Wenezuela
72%
P 8°N,83°W Panama
68%
Z 16°S,22°E Zambia
68%
B 15°N,89°W Belize
66%
G 15°N,92°W Gwatemala
66%
D 77°N,72°W Dania
65%
J 18°N,78°W Jamajka
65%
N 12°N,87°W Nikaragua
64%
I 65°N,24°W Islandia
58%
F 19°S,178°W Fidżi
57%
T 10°N,61°W Trynidad i Tobago
53%
K 4°S,174°W Kiribati
52%
L 6°N,11°W Liberia
42%
Nie znaleziono quizów pasujących do podanych kryteriów
Rozkład punktacji
Procent ludzi z każdym wynikiem
Percentyl według liczby udzielonych odpowiedzi
Twoja historia wyników
Nie rozwiązałeś tego quizu